|
|
|
|
| LEADER |
00853naa a2200229 i 4500 |
| 001 |
publ28410 |
| 005 |
20231009083141.0 |
| 008 |
231009s2023 hu o 0|| Magyar d |
| 020 |
|
|
|a 9789633084670
|
| 024 |
7 |
|
|a 34180194
|2 mtmt
|
| 040 |
|
|
|a SZTE Publicatio Repozitórium
|b hun
|
| 041 |
|
|
|a Magyar
|
| 100 |
1 |
|
|a Kubitsch Rebeka
|
| 245 |
1 |
3 |
|a Az érzékelésigék rendszerének vizsgálata az udmurt, manysi és nganaszan nyelvekben és annak történeti vonatkozásai
|h [elektronikus dokumentum] /
|c Kubitsch Rebeka
|
| 260 |
|
|
|a PPKE Bölcsészettudományi Kar
|b Budapest
|c 2023
|
| 300 |
|
|
|a 30
|
| 300 |
|
|
|a 333-362
|
| 490 |
0 |
|
|a Nyelvelmélet és diakrónia 5.
|
| 650 |
|
4 |
|a Nyelvek és irodalom
|
| 700 |
0 |
1 |
|a Sipőcz Katalin
|e aut
|
| 700 |
0 |
1 |
|a Szeverényi Sándor
|e aut
|
| 856 |
4 |
0 |
|u http://publicatio.bibl.u-szeged.hu/28410/3/34180194.pdf
|z Dokumentum-elérés
|